000 00738nam a22002537a 4500
001 BR9508874
003 BR-BrBNA
005 20230928094753.0
007 ta
008 230509b bl.||||| |||| 00| 0 por d
040 _aBR-BrBNA
_bpor
_cBiblioteca Nacional de Agricultura
041 _a(Por)
072 _aN01
090 _ N01 BR9508874
100 1 _aBondanca, A.T.
110 1 _aEmpresa de Assistencia Tecnica e Extensao Rural do Estado de Minas Gerais, Belo Horizonte (Brasil)
245 1 _aSaneamento domiciliar e ambiental destino dos dejetos
260 3 _aBelo Horizonte, MG (Brasil):
_c[nd].
300 _a17 p.
650 _aDejeto
650 _aFossa Septica
909 _a202309
_bLucia
_c55
_dLucia Elande
942 _cBK
999 _c52538
_d52538